Tribhuvan University Central Library
Normal view MARC view
  • American Association of School Administrators

Entry Corporate Name

Number of records used in: 1

001 - CONTROL NUMBER

  • control field: 20326

003 - CONTROL NUMBER IDENTIFIER

  • control field: OSt

005 - DATE AND TIME OF LATEST TRANSACTION

  • control field: 20110228174712.0

008 - FIXED-LENGTH DATA ELEMENTS

  • fixed length control field: 110228|||a|||||| | ||| d

040 ## - CATALOGING SOURCE

  • Original cataloging agency: OSt
  • Transcribing agency: OSt

110 ## - HEADING--CORPORATE NAME

  • Corporate name or jurisdiction name as entry element: American Association of School Administrators
  • Subordinate unit: Committee on Technology and Instruction

670 ## - SOURCE DATA FOUND

  • Source citation: Work cat.: (OSt): American Association of School Administrators Committee on Technology and Instruction, Instructional technology and the school administrator, 1970

670 ## - SOURCE DATA FOUND

  • Source citation: Work cat.: (OSt): American Association of School Administrators Committee on Technology and Instruction, Instructional technology and the school administrator, 1970